Memorias y representaciones sobre la elaboración del genocidio / (Registro nro. 14937)

Detalles MARC
000 -LIDER
fixed length control field 01230cam a2200373 i 4500
001 - NÚMERO DE CONTROL
Identificador de número de control a4832
003 - IDENTIFICACDOR DE NÚMERO DE CONTROL
control field DO-SdBPM
005 - DATE AND TIME OF LATEST TRANSACTION
control field 20250218085458.0
007 - CAMPOS FIJOS DE DESCRIPCIÓN FÍSICA
fixed length control field a4832
008 - ELEMENTOS DE LONGITUD FIJA
fixed length control field 100929s2012 sp a | |||| 001 0 spa
015 ## - NÚMERO DENTRO DE LA BIBLIOGRAFÍA NACIONAL
National bibliography number
017 ## - NÚMERO DE REGISTRO DE DERECHOS DE AUTOR
Assigning agency
020 ## - ISBN
International Standard Book Number 9789505579204
035 ## - NÚMERO LOCAL
System control number
040 ## - FUENTE DE CATALOGACIÓN
Agencia que crea de manera original el registro DO-SdBPM
Idioma de catalogación spa
Agencia que realiza la transcripción BPMSU
Convenciones de la despripción
082 #4 - NÚMERO DE CLASIFICACIÓN DECIMAL DE DEWEY
Classification number 304.663
Item number F297m 2012
Edition number 22
100 1# - ASIENTO PRINCIPAL -- NOMBRE PERSONAL
Nombre personal Feierstein, Daniel
Fechas asociadas con el nombre 1967-
245 10 - MENCIÓN DE TITULO
Título Memorias y representaciones sobre la elaboración del genocidio /
Mención de responsabilidad Daniel Feierstein
Medio (Designación general de material)
Subtítulo
260 ## - PUBLICACIÓN, DISTRIBUCIÓN, ETC. (PIE DE IMPRENTA)
Lugar de publicación, distribución, etc Buenos Aires, Argentina :
Nombre del editor, distribuidor, etc. Fondo de Cultura Económica,
Fecha de publicación, distribución, etc 2012
300 ## - DESCRIPCIÓN FÍSICA
Extensión 209 p. ;
Dimensiones 24 cm
Otros detalles físicos
490 0# - MENCIÓN DE SERIES
Mención de serie Sección de obras de sociología
500 ## - NOTA GENERAL
Nota general Incluye índice
500 ## - NOTA GENERAL
Nota general Incluye bibliografía y notas al pie de las páginas
504 ## - NOTA DE BIBLIOGRAFÍA, ETC.
Bibliography, etc Bibliografía : p. 189-206
590 ## - NOTA LOCAL
Texto de la nota local Inventariado, 2025/VM
650 #4 - ENCABEZAMIENTO DE MATERIA--TEMÁTICO
Término temático o nombre geográfico como elemento de entrada GENOCIDIO
Fuente del encabezamiento o término
Subdivisión temática general ASPECTOS PSICOLÓGICOS
650 #4 - ENCABEZAMIENTO DE MATERIA--TEMÁTICO
Término temático o nombre geográfico como elemento de entrada Genocidio
Subdivisión geográfica Argentina
Subdivisión temática general
650 #4 - ENCABEZAMIENTO DE MATERIA--TEMÁTICO
Término temático o nombre geográfico como elemento de entrada Genocidio
Subdivisión temática general Estudios comparados
-- Aspectos sociales
650 #4 - ENCABEZAMIENTO DE MATERIA--TEMÁTICO
Término temático o nombre geográfico como elemento de entrada Holocausto judío (1939-1945)
650 #4 - ENCABEZAMIENTO DE MATERIA--TEMÁTICO
Término temático o nombre geográfico como elemento de entrada IDENTIDAD
710 1# - ASIENTO SECUNDARIO -- NOMBRE CORPORATIVO
Nombre corporativo o de jurisdicción Argentina.
Unidad subordinada Fondo de Cultura Económica
910 ## - VALIDACIÓN
Validación VMateo V. Control de calidad BPMSU
942 ## - ADDED ENTRY ELEMENTS (KOHA)
Source of classification or shelving scheme Dewey Decimal Classification
Koha item type Libros
Existencias
Withdrawn status Lost status Source of classification or shelving scheme Damaged status Not for loan Collection code Home library Current library Date acquired Total Checkouts Full call number Barcode Date last seen Price effective from Koha item type
    Dewey Decimal Classification     Colección General Biblioteca Pública Metropolitana Salomé Ureña Biblioteca Pública Metropolitana Salomé Ureña 02/18/2025   BPMSU CG 304.663 F297m 2012 BPMSU25020016 02/18/2025 02/18/2025 Libros